000 00877nas a2200253 i 4500
001 887
003 ES-MaACL
005 20250828062526.0
007 t|
008 950801d19421949sp | | 1 ||pa d
022 _a1697-4875
080 _a377
245 0 0 _aFormación y documentación profesional
_b: boletín oficial de la Dirección General de Enseñanza Profesional y Técnica.
260 _aMadrid :
_bDirección General de Enseñanza Profesional y Técnica,
_c1942-1949 (
_fDiana Artes Gráficas)
300 _a1 v. ;
_c30 cm.
310 _aIrregular
362 0 _aAño I, 2ª época (1942)-año VII (1949)
500 _aNo se publicó en 1948.
650 7 _aEducación
_2embne
_912073
710 1 _aEspaña. Dirección General de Enseñanza Profesional y Técnica.
_93731
852 _aES-MaACL
_jHem-597
866 0 _o(1942f.n.2-3)1943-47.
999 _c887
_d887